书目信息 |
| 题名: |
对称性分岔理论基础
|
|
| 作者: | 唐云 著 | |
| 分册: | ||
| 出版信息: | 北京 科学出版社 1998.03 |
|
| 页数: | 308页 | |
| 开本: | 32开 | |
| 丛书名: | ||
| 单 册: | ||
| 中图分类: | O177.91 | |
| 科图分类: | ||
| 主题词: | 数学分析 | |
| 电子资源: | ||
| ISBN: | 7-03-006139-X | |
| 000 | 00545nam0 2200193 45 | |
| 001 | 0009041509 | |
| 005 | 20000904152554.2 | |
| 010 | @a7-03-006139-X@d21.00元 | |
| 100 | @a20000904d1998 km y0chiy0120 ea | |
| 101 | 0 | @achi |
| 105 | @a z 000yy | |
| 200 | 1 | @a对称性分岔理论基础@ADui Chen Xing Fen Cha Li Lun Ji Chu@f唐云著@FTang Yun Zhu |
| 210 | @a北京@c科学出版社@d1998.03 | |
| 215 | @a308页@d32开 | |
| 606 | 0 | @a数学分析 |
| 690 | @aO177.91@v3 | |
| 701 | 0 | @a唐云@4著 |
| 801 | @aCN@bPftUser@c20000904 | |
| 905 | @b118789-793@dO177.91@eT.721@f5 | |
| 对称性分岔理论基础/唐云著.-北京:科学出版社,1998.03 |
| 308页;32开 |
| ISBN 7-03-006139-X:21.00元 |
| ● |
| 相关链接 |
|
|
|
正题名:对称性分岔理论基础
索取号:O177.91/T.721
 
预约/预借
| 序号 | 登录号 | 条形码 | 馆藏地/架位号 | 状态 | 备注 |
| 1 | 118789 | 201187893 | 自科二线504/504自科库 48排4列6层/ [索取号:O177.91/T.721] | 在馆 | |
| 2 | 118790 | 201187900 | 自科二线504/504自科库 48排4列6层/ [索取号:O177.91/T.721] | 在馆 | |
| 3 | 118791 | 201187919 | 自科二线504/504自科库 48排4列5层/ [索取号:O177.91/T.721] | 在馆 | |
| 4 | 118792 | 201187928 | 自科二线504/504自科库 48排4列6层/ [索取号:O177.91/T.721] | 在馆 | |
| 5 | 118793 | 201187937 | 自科二线504/504自科库 48排4列6层/ [索取号:O177.91/T.721] | 在馆 |